[Event "ACL-A005"]
[Site "www.playchess.de"]
[Date "2000.05.25"]
[Round "1"]
[White "Ulf"]
[Black "Maat"]
[WhiteElo "1500"]
[BlackElo "1500"]
[PlyCount "87"]
[Result "1-0"]

1.e4 c5 2.Nf3 d6 3.Bb5+ Bd7 4.Bxd7+ Qxd7 5.c4 Qg4 
6.O-O Qxe4 7.d4 cxd4 8.Re1 Qg4 9.h3 Qd7 10.Nxd4 
Nc6 11.Nc3 e6 12.Bf4 Rd8 13.Qd3 Nge7 14.Rad1 Ng6 
15.Bg3 Qc8 16.Ne4 Nce5 17.Qb3 Nxc4 18.Qa4+ Rd7 
19.Rdc1 d5 20.Nd2 a6 21.Nxc4 dxc4 22.Rxc4 Qd8 
23.Bc7 Qf6 24.Rd1 Be7 25.Qxd7+ Kxd7 26.Nb5+ Ke8 
27.Ba5 Bd8 28.Rc8 Qe5 29.Rcxd8+ Ke7 30.Rxh8 Nxh8 
31.Bb4+ Kf6 32.Bc3 axb5 33.Bxe5+ Kxe5 34.Rd8 Ng6 
35.Rd7 f5 36.Rxg7 b6 37.Rxh7 Nf4 38.g3 Ne2+ 39.Kg2 
Kf6 40.Rb7 Nc1 41.Rxb6 Nxa2 42.Rxb5 e5 43.Kf3 Nc1 
44.Ke3 1-0